Top 50 female singers - Statistics

General Stats
  • This quiz has been taken 618 times
    593 since last reset
  • The average score is 23 of 50
Answer Stats
Hint Answer % Correct
Poker face Lady Gaga
94%
Roar/Dark Horse Katy Perry
93%
Rolling in the deep Adele
92%
Toxic Britney Spears
88%
Like a virgin Madonna
87%
I will always love you Whitney Houston
85%
My heart will go on Celine Dion
84%
22 Taylor Swift
84%
Diamonds/All of the lights Rihanna
83%
Love on top Beyonce
82%
Titanium/Chandelier Sia
77%
Whenever,Whenever Shakira
73%
So what/Just give me a reason Pink
72%
Rehab Amy Winehouse
71%
Starships Nicki Minaj
71%
Empire State of mind Alicia Keys
67%
The sweet escape/Hollaback girl Gwen Stefani
66%
Lady marmalade Christina Aguilera
61%
On the floor Jennifer Lopez
61%
Price tag Jessie J
61%
If I could turn back time/Believe Cher
60%
When you believe/Hero Mariah Carey
56%
LA Love/Big girls don't cry Fergie
54%
True colours/Girls just want to have fun Cyndi Lauper
53%
Stay High/Habits Tove Lo
53%
Call me maybe Carly Rae Jepsen
50%
Work/So fancy Iggy Azalea
41%
Born to die/ Video games Lana Del Rey
41%
Private dancer Tina Turner
41%
I'm like a bird Nelly Furtado
36%
I'm coming out Diana Ross
34%
Running up that hill/Wuthering heights Kate Bush
32%
Spinning around Kylie Minogue
29%
When love takes over Kelly Rowland
27%
The writer/Burn Ellie Goulding
24%
How we do/Hot right now Rita Ora
19%
You've got the love/Shake it out Florence and the machine
18%
Be without you/ No more drama Mary J Blige
17%
Spotlight/If this isn't love Jennifer Hudson
15%
Air balloon/The fear Lily Allen
15%
Lifted/Read all about it Emeli Sande
11%
Call my name/Promise this Cheryl
10%
Don't hold your breath Nicole Scherzinger
10%
Broken arrow/Mama Do Pixie Lott
10%
Katy on a mission/Crying for no reason Katy B
8%
Changing/Picking up the pieces Paloma Faith
8%
If I go/Waiting all night Ella Eyre
4%
My love/Real love Jess Glynne
4%
Wildest moments/Running Jessie Ware
3%
Right here/Holding on to heaven Foxes
2%
No matching quizzes found
Score Distribution
Percent of People with Each Score
Percentile by Number Answered
Your Score History
You have not taken this quiz since the last reset